Aviation Superlatives - Statistics

General Stats
  • This quiz has been taken 142 times
  • The average score is 6 of 11
Answer Stats
Superlative Answer % Correct
Largest Passenger Jet Airbus A380
88%
Most Produced Jet Airliner Boeing 737
86%
Largest Airline by Fleet Size (2017) American Airlines
79%
Heaviest Aircraft Antonov AN-225
69%
Fastest Airplane Lockheed SR-71 Blackbird
63%
Most Produced Aircraft Cessna 172
54%
City With Busiest Airspace by Passengers (2017) London
50%
Biggest Airport by Area in United States Denver International Airport
36%
Most Expensive Aircraft Northrop Grumman B-2 Spirit
34%
Largest Airline by Countries Served (2013) Turkish Airlines
22%
Biggest Airport by Area in World King Fahd International Airport
8%
No matching quizzes found
Score Distribution
Percent of People with Each Score
Percentile by Number Answered
Your Score History
You have not taken this quiz